000 00431cam a2200181ua 4500
020 _c90.00
041 _aeng
_h
082 _a005.133
_bHUN/UN
100 _aHunter , Bruce H .
245 _aUnderstanding C /
_cBruce H Hunter.
_hTextual Documents
250 _a1 /
_b.
260 _aDelhi :
_bB P B publications ,
_c1985.
300 _a320 ; .
365 _a90.00
504 _a
942 _cBK
999 _c2328
_d2328